Avances de Investigación 1976 (11). La demografía y la dialéctica de su objeto y método/
Gorde:
| Egile nagusia: | |
|---|---|
| Formatua: | Documento de Gobierno Liburua |
| Hizkuntza: | Spanish |
| Gaiak: | |
| Etiketak: |
Etiketa erantsi
Etiketarik gabe, Izan zaitez lehena erregistro honi etiketa jartzen!
|
MARC
| LEADER | 00000nam a22000007a 4500 | ||
|---|---|---|---|
| 003 | cru IIS | ||
| 005 | 20220704095757.0 | ||
| 007 | ta | ||
| 008 | 220523s1990 cr |||p|r|||| 00| 0 spa d | ||
| 040 | |c cru IIS | ||
| 086 | |a REV0053 (11) 1976 | ||
| 100 | 1 | |9 10498 |a Dierckxsens, Wim |e Autor | |
| 245 | 1 | |a Avances de Investigación 1976 (11). |b La demografía y la dialéctica de su objeto y método/ |c Wim Dierckxsens | |
| 300 | |a 28 páginas | ||
| 500 | |a Colección Centroamérica | ||
| 505 | |a Cap. 1. Crítica sobre el objeto de la demografía (páginas 1-16) Cap. 2. Critica sobre el método de la demografía (páginas 17-28) | ||
| 650 | 4 | |9 3428 |a DEMOGRAFIA | |
| 650 | 0 | |9 5303 |a DIALECTICA | |
| 651 | 0 | |9 32 |a COSTA RICA | |
| 942 | |2 ddc |c PP | ||
| 999 | |c 44346 |d 44346 | ||
| 773 | 0 | |0 19073 |9 7492 |a Universidad de Costa Rica. |d San José, Costa Rica UCR. FCS. IIS |o 22651 |t Avances de Investigación/ | |
